A-Z: Biggest cities in France - Statistics

General Stats
  • This quiz has been taken 24 times
  • The average score is 15 of 26
Answer Stats
Initial: Clue Answer % Correct
G Winter Olympic host venue in the Alps Grenoble
100%
M Southern port that gives you a real smile as you leave it Marseille
100%
N Major Cote d'Azur resort where your sister's daughter might go Nice
100%
S Brass grout doesn't work too well in European Parliament location Strasbourg
100%
T Southern city known as La Ville Rose Toulouse
100%
B Centre of production of spirits, at the edge of the waters Bordeaux
96%
L City where the The Lumière brothers invented the cinematograph in 1895 Lyon
96%
O City in central France, where Joan of Arc came from Orleans
91%
D A great centre of art, learning, and science in medieval Europe Dijon
87%
P In the 1830s, the first photograph of a person was taken here Paris
83%
R City on the Seine with a cathedral which Monet often painted Rouen
83%
Q Coastal town in Brittany, popular with campers Quimper
74%
A Western prefecture which enrages its inhabitants Angers
65%
C Very old city in the Massif Central which dates back to the BC period Clermont-Ferrand
61%
V Town of the urban area north-east of Lyon Villeurbanne
57%
F Fresh juice available at seaside town Frejus
35%
E Cathedral town where 15 get lost in the Eure département Evreux
30%
H Old Mediterranean resort near Toulon Hyeres
30%
I Southwestern suburb of Paris, where there is style (but not no.1 in trendsetting), a mill, and waters Issy-les-Moulineaux
30%
W Suburb of Lille on the Belgian border where latest row turns into a battle Wattrelos
30%
U Small town in Corrèze whose motto is Less is More Ussel
17%
J Cheeky suburb among the towers of the Loire valley Joue-les-Tours
13%
Y Make a wrong move, going back into this positive Essonne commune Yerres
9%
K Royal town for English queens in Alsace Kingersheim
4%
X Ex trying to locate a village in the Vosges Xertigny
4%
Z Sick person is a guy who I am tailing, to a village in the Haut-Rhin Zillisheim
4%
No matching quizzes found
Score Distribution
Percent of People with Each Score
Percentile by Number Answered
Your Score History
You have not taken this quiz